Сочинения Н. В. Гоголя (Запис номер 428286)
[ съкратено ]
| 000 -Лидер | |
|---|---|
| Контролно поле с фиксирана дължина | nam a22 a 4500 |
| 003 - Код на организацията, давaща контролен номер | |
| Контролно поле | BLK |
| 005 - Дата и час на последна редакция | |
| Контролно поле | 20210813085845.0 |
| 008 - Елементи от данни с фиксирана дължина | |
| fixed length control field | 210813b bu |||||r|||| 00| | bu d |
| 040 ## - Източник на каталожния запис | |
| Идентификатор на билиотеката - собственик на записа | BLK |
| 041 ## - Код за език | |
| Код за езика на текст/звукозапис или на отделно заглавие | Руски |
| Код за езика КДБФ | Руски |
| 080 ## - УДК | |
| Текстов определител УДК | Руска литература |
| УДК код - определител по УДК | 821.161.1 |
| УДК определител | (081) |
| УДК - код + определител | 821.161.1(081) |
| 100 ## - Редна дума - Автор | |
| R(LIN) | 1299 |
| Автор | Гоголь, Николай Васильевич |
| Авторска отговорност | първи автор |
| 139 ## - Редно поле | |
| Редна дума | Гоголь, Николай Васильевич |
| 245 ## - Сведения за заглавието | |
| Заглавие | Сочинения Н. В. Гоголя |
| Подзаглавни данни | ред. [и предисл.] Н. С. Тихонравова ; с биогр. Н. В. Гоголя, состав. В. И. Шенроком, 2-ми портретами Гоголя, гравированными на стали Ф. А. Брокгаузом в Лейпциге, 2-мя автографами и 3-мя собственноручными рисунками Гоголя |
| Редно поле (дума) | Н. В. Гоголь |
| Том | Т. 5 |
| 250 ## - Област на изданието | |
| Сведения за изданието | 13. изд. |
| 260 ## - Област на издателските данни | |
| 9 (RLIN) | 435497 |
| Място на издаване, разпространение и проч. | Санкт-Петербург |
| Име на издателя, разпространителя и проч. | изд. А. Ф. Маркса |
| Година на издаване | 1896 |
| 300 ## - Физическа характеристика | |
| Страници | 419 с. |
| Размери/Мащаб | 22 см |
| 380 ## - Жанр | |
| Жанр | Худож. лит. |
| 490 ## - СЕРИИ (Колекции) | |
| 9 (RLIN) | 435080 |
| Име на серия | Колекция Редки и ценни издания |
| 700 ## - Други автори (авторска отговорност) | |
| 9 (RLIN) | 440739 |
| Лично име | Тихонравов, Николай Саввич |
| Автороска отговорност (Описва отношението между автора и произведението) | авт. предисл. |
| 700 ## - Други автори (авторска отговорност) | |
| 9 (RLIN) | 1412 |
| Лично име | Шенрок, Владимир Иванович |
| Автороска отговорност (Описва отношението между автора и произведението) | состав. |
| 700 ## - Други автори (авторска отговорност) | |
| 9 (RLIN) | 599 |
| Лично име | Брокгауз, Ф. А. |
| Автороска отговорност (Описва отношението между автора и произведението) | ил. |
| 852 ## - Местоположение | |
| Форматна сигнатура | Рр 896 |
| Фондова буква | Редки и ценни |
| 999 ## - СИСТЕМНИ КОНТРОЛНИ НОМЕРА | |
| Koha biblionumber | 428286 |
| Koha biblioitemnumber | 428286 |
| 942 ## - АРТИКУЛИ | |
| Вид на библиотечния материал | Книги |
| Скрит в OPAC | Не |
| Периодичен библиозапис | Да |
| 944 ## - СЪЗДАВАНЕ И РЕДАКЦИЯ на ЗАПИСА | |
| Създаване/Редакция | Създаване |
| Дата на регистрацията/редакция | 2021-08-13 |
| Служител, извършил регистрацията/редакцията | нр |
| Код за отписване | Код за изгубен артикул | Източник на класификационната схема | Код за повреда | Коз за рестрикции | Код за отдаване | Артикулен № | Име на библиотеката - собственик | Име на библиотеката, в която се намира в момента | Статус (Текущо местоположение) | Дата на вписване в системата | Местоположение - отдел | Цена в лева | Инвентарен номер | Систематично азбучна сигнатура | Баркод | Цена в евро | Служебен тип на артикула |
|---|---|---|---|---|---|---|---|---|---|---|---|---|---|---|---|---|---|
| Не е изгубен | Universal Decimal Classification | Не е повреден | само за читалня | Специални фондове ( старопечатни, редки и ценни, фонд М. Арнаудов) | 855897 | Регионална библиотека "Любен Каравелов" Русе | Регионална библиотека "Любен Каравелов" Русе | Редки и ценни | 2021-09-27 | Редки и ценни | 0.34 | 2754-V | Рр 896 | 900000074238 | 0.17 | Книги |